| 000 | 00480nam a22001571 4500 | ||
|---|---|---|---|
| 082 | 0 | 0 |
_a959.5704 _bBAL |
| 100 | 1 |
_aO'Ballance, Edgar. _946378 |
|
| 245 | 1 | 0 |
_aMalaya: _bthe communist insurgent war, 1948-1960. |
| 260 |
_aLondon, _bFaber, _c1966. |
||
| 300 |
_a3-188 p. _bfront. (map) _c22 1/2 cm. |
||
| 526 |
_a0 _b0 _c0 _d959_570400000000000_BAL |
||
| 526 |
_a0 _b0 _c0 _d959_570400000000000_BAL |
||
| 526 |
_a0 _b0 _c0 _d959_570400000000000_BAL |
||
| 650 |
_aMCE _9379 |
||
| 942 |
_2ddc _cBK |
||
| 999 |
_c551900 _d551900 |
||